Statistiques concernant Ville par des gens célèbres n°2

Cliquez ici pour prendre le quiz!

Statistiques générales

  • Ce quiz a été pris 90 fois
  • Le résultat moyen est 10 sur 14

Statistiques - réponses

Personnes célèbres Villes % Correct
Enrique Iglesias, Placido Domingo, Julio IglesiasMadrid
94%
Eric Cantona, Zinedine Zidane, Antonin ArtaudMarseille
88%
Boris Pasternak, Alexander Pushkin, Mikhail LermontovMoscou
87%
Marilyn Monroe, Leonardo DiCaprio, Dustin HoffmanLos Angeles
87%
Nero, Isabella Rossellini, Antonio Sabato Jr.Rome
85%
Amy Winehouse, Lord Byron, Iiris ElbaLondres
85%
Jennifer Lopez, Christina Aguilera, Michael JordanNew York City
82%
Greta Garbo, Björn Borg, Elin NordegrenStockholm
82%
Martina Navratilova, Madeleine Albright, Franz KafkaPrague
69%
Werner Herzog, Eva Braun, Richard StraussMunich
68%
Frida Kahlo, Paulina Rubio, Octavio PazMexico
67%
Yasser Arafat, Boutros-Boutros Ghali, Naguib MahfouzLe Caire
57%
Isabel Allende, Carlos Noriega, Alberto FujimoriLima
44%
Drake, Neil Young, John Candy, Frank GehryToronto
44%

Distribution des résultats

Percentile by Number Answered

% des personnes avec chaque résultat

Votre développement - résultats

Vous n’avez pas pris ce quiz